Loading...
| History - European | 0 | 6 | 0 | 0 | 60 | 17 | 64.83 | 2 | 3 | 27.69 | 31.82 |
| Social Science | 0 | 3 | 0 | 0 | 30 | 96 | 110.33 | 0 | 1 | 2.85 | 11.82 |
| Science - Biology | 0 | 3 | 0 | 0 | 30 | 95 | 100.00 | 0 | 1 | 4.89 | 14.55 |
| Fine Arts - Painting and Sculpture | 0 | 2 | 0 | 1 | 20 | 94 | 115.50 | 0 | 0 | 2.55 | 2.73 |
| History - American | 0 | 2 | 0 | 1 | 20 | 126 | 126.50 | 0 | 0 | -0.07 | 1.82 |
| Literature - British | 0 | 1 | 0 | 0 | 10 | 138 | 138.00 | 0 | 0 | 0.00 | 2.73 |
| History - Other | 0 | 1 | 0 | 0 | 10 | 135 | 135.00 | 0 | 0 | 0.00 | 1.82 |
| Religion | 0 | 1 | 0 | 0 | 10 | 136 | 136.00 | 0 | 0 | 0.00 | 0.91 |
| Science - Other | 0 | 1 | 0 | 1 | 10 | 128 | 128.00 | 0 | 1 | -0.14 | 1.82 |
| Science - Physics | 0 | 1 | 0 | 0 | 10 | 32 | 32.00 | 1 | 1 | 6.84 | 9.09 |
| Literature - American | 0 | 1 | 0 | 0 | 10 | 141 | 141.00 | 0 | 0 | 0.25 | 0.91 |
| Current Events | 0 | 1 | 0 | 0 | 10 | 78 | 78.00 | 0 | 1 | 11.67 | 23.33 |
| Literature - European | 0 | 1 | 0 | 0 | 10 | 148 | 148.00 | 0 | 0 | 0.00 | 1.82 |
| Mythology | 0 | 1 | 0 | 1 | 10 | 146 | 146.00 | 0 | 0 | 0.00 | 0.91 |
| Philosophy | 0 | 1 | 0 | 1 | 10 | 121 | 121.00 | 0 | 0 | 0.00 | 1.82 |
| Geography | 0 | 1 | 1 | 0 | 5 | 114 | 114.00 | 0 | 0 | 5.19 | 20.00 |
| Fine Arts - Classical Music | 0 | 0 | 0 | 0 | 0 | 0.00 | 0 | 0 | 0.00 | 0.00 | |
| History - World | 0 | 0 | 2 | 0 | -10 | 0.00 | 0 | 0 | 0.00 | 0.00 |